Guess 100 Real Madrid footballers by image - Statistics

General Stats
  • This quiz has been taken 1,767 times
  • The average score is 60 of 100
Answer Stats
Picture Answer % Correct
Luka Modrić
95%
Roberto Carlos
95%
Keylor Navas
94%
Kakà
93%
Toni Kroos
93%
Eduardo Camavinga
92%
Cristiano Ronaldo
91%
Eden Hazard
91%
Éder Militão
88%
Sergio Ramos
88%
Antonio Rüdiger
86%
David Beckham
86%
Iker Casillas
86%
Ángel Di Maria
85%
Karim Benzema
85%
Marcelo
85%
Zinedine Zidane
85%
Aurélien Tchouaméni
84%
Daniel Carvajal
84%
Federico Valverde
84%
Isco
84%
James Rodríguez
84%
Pepe
84%
Ronaldo
84%
Thibaut Courtois
84%
Vinicius Jr
84%
Lucas Vazquez
83%
Mesut Özil
83%
Xabi Alonso
83%
Casemiro
82%
David Alaba
82%
Luis Figo
81%
Rodrygo
81%
Achraf Hakimi
80%
Martin Ødegaard
80%
Raphaël Varane
80%
Álvaro Morata
79%
Ferland Mendy
79%
Arjen Robben
78%
Marco Asensio
75%
Nacho
74%
Sami Khedira
73%
Ferenc Puskás
72%
Raúl
72%
Fabio Cannavaro
71%
Javier Hernandez/Chicharito
70%
Theo Hernandez
70%
Fabio Coentrão
69%
Mateo Kovačić
69%
Alfredo Di Stéfano
68%
Wesley Sneijder
67%
Fernando Hierro
65%
Gonzalo Higuain
65%
Luka Jovic
64%
Luis Enrique
62%
Ruud van Nistelrooy
61%
Dani Ceballos
60%
Danilo
60%
Guti
60%
Michael Owen
59%
Robinho
59%
Hugo Sánchez
57%
Clarence Seedorf
53%
Mariano Díaz
53%
Ricardo Carvalho
49%
Claude Makélélé
48%
Diego López
48%
Kiko Casilla
47%
Michael Laudrup
47%
Álvaro Arbeloa
44%
Emmanuel Adebayor
44%
Jese Rodriguez
43%
Rafael van der Vaart
41%
José Callejon
39%
Lassana Diarra
39%
Paco Gento
35%
Davor Šuker
34%
Emilio Butragueño
34%
Raúl Albiol
34%
Steve McManaman
34%
Fernando Morientes
28%
Mahamadou Diarra
26%
Michel Salgado
25%
Ivan Zamorano
24%
Antonio Cassano
22%
Esteban Cambiasso
22%
Fernando Redondo
22%
Santiago Solari
22%
Fernando Gago
21%
Emerson
19%
Gabriel Heinze
19%
Predrag Mijatović
18%
Raymond Kopa
18%
Iván Helguera
16%
Manolo Sanchís
16%
José Antonio Camacho
13%
Míchel
10%
Christian Panucci
9%
Ricardo Zamora
9%
Santillana
8%
No matching quizzes found
Score Distribution
Percent of People with Each Score
Percentile by Number Answered
Your Score History
You have not taken this quiz